Mississippi, Missouri and Ohio River States Empty Map Quiz - Statistics

General Stats
  • This quiz has been taken 422 times
  • The average score is 19 of 19
Answers on the Map
Answers color-coded by a green-red scale on the quiz's map according to % correct below.
 
Answer Stats
River State % Correct
Mississippi Mississippi
100%
Ohio Ohio
100%
Ohio Indiana
99%
Mississippi Louisiana
99%
Mississippi Missouri
99%
Ohio West Virginia
99%
Mississippi Arkansas
98%
Mississippi Illinois
98%
Mississippi Iowa
98%
Missouri Kansas
98%
Mississippi Kentucky
98%
Missouri Montana
98%
Missouri North Dakota
98%
Missouri South Dakota
98%
Mississippi Tennessee
98%
Mississippi Wisconsin
98%
Mississippi Minnesota
97%
Missouri Nebraska
97%
Ohio Pennsylvania
97%
No matching quizzes found
Score Distribution
Percent of People with Each Score
Percentile by Number Answered
Your Score History
You have not taken this quiz